Iglesias ortodoxas - Estadísticas

Estadísticas generales
  • Esta prueba ha sido intentada 25 veces
  • La puntuación promedio es 13 de 17
Estadísticas de respuestas
Tipo de iglesia Nombre Número de fieles
(aproximado)
% Correcto
Patriarcal Iglesia ortodoxa de Constantinopla 3.500.000
100%
Iglesia ortodoxa de Grecia 10.000.000
88%
Metropolitana Iglesia ortodoxa de Ucrania 26.000.000
88%
Iglesia ortodoxa rumana 20.000.000
88%
Patriarcal Iglesia ortodoxa rusa 140.000.000
88%
Iglesia ortodoxa serbia 11.000.000
88%
Iglesia ortodoxa búlgara 8.000.000
82%
Iglesia ortodoxa macedonia(parcialmente reconocida) 1.300.000
76%
Iglesia ortodoxa y apostólica georgiana 5.000.000
76%
Iglesia ortodoxa checa y eslovaca 75.000
71%
Iglesia ortodoxa de Alejandría 500.000
71%
Metropolitana Iglesia ortodoxa polaca 600.000
71%
Iglesia ortodoxa de Jerusalén 200.000
65%
Arzobispal Iglesia ortodoxa albanesa 400.000
59%
Iglesia ortodoxa de Antioquía 1.200.000
59%
Arzobispal Iglesia ortodoxa chipriota 600.000
53%
Arzobispal Iglesia ortodoxa en América(parcialmente reconocida) 4.000.000
53%
No se encontraron pruebas coincidentes
Distribución de puntuación
Porcentaje de gente con cada puntuación
Porcentaje por número respondido
Historial de tus puntuaciones
No has intentado esta prueba.